000 00801nam a22002417a 4500
003 UA-OsUOA
001 105253
007 ta
008 20140219b un ||||| |||| 00| 0 ukr d
090 _a347.991(477)
_bС89
942 _cBK
040 _aUA-OsUOA
_bukr
_cUA-OsUOA
_dUA-OsUOA
245 _aСудова практика Верховного Суду України у цивільних справах
_bофіційне видання
_cза заг. ред. А. Г. Яреми
300 _a460 с.
955 _a2
041 _aukr
080 _a347.991(477)
020 _a978-966-313-313-3
591 _aБФ "Правничі ініціативи"
260 _aК.
_bІн Юре
_c2006
650 7 _a347 Цивільне право. Судовий устрій
_2UDC
999 _c391248
_d391248